Cuadernos de Temuco

Furkejuvvon:
Bibliográfalaš dieđut
Váldodahkki: Neruda, Pablo (autor)
Materiálatiipa: Girji
Giella:espánnjágiella
Almmustuhtton: Buenos Aires Seix Barral 2003
Preanttus:1a. ed
Ráidu:Biblioteca Pablo Neruda
Fáttát:
Fáddágilkorat: Lasit fáddágilkoriid
Eai fáddágilkorat, Lasit vuosttaš fáddágilkora!

MARC

LEADER 00000nam a2200000 a 4500
001 UCH8998
003 CL-VaPUC
008 091217e20030000AG |||||||||||||||||spa|d
020 |a 9507313958 
082 0 4 |a 861  |b NER  |2 21 
100 |a Neruda, Pablo  |e autor  |9 306531 
245 1 0 |a Cuadernos de Temuco 
250 |a 1a. ed 
300 |a 238 p 
942 |c BK 
945 |d 20091217 00:00:00  |a cmena 
260 |a Buenos Aires  |b Seix Barral  |c 2003 
650 0 |a Poesías chilenas   |9 265280 
650 0 |a Literatura chilena   |9 308278 
650 0 |a Literatura contemporánea   |9 321959 
583 |a last modification  |c 20091217 00:00:00  |k Rodrigo Vera 
490 0 |a Biblioteca Pablo Neruda 
999 |c 339077  |d 339075 
952 |0 0  |1 0  |4 0  |6 861_000000000000000_NER_2003  |7 0  |8 C  |9 432467  |a BIBCUR  |b BIBCUR  |d 2019-11-22  |i 4582268  |o 861 NER 2003  |p 4582268  |r 2025-04-22  |w 2019-11-22  |y BK  |k CAC